000 01532cam a2200289 a 4500
001 000007637
005 20200929154236.0
008 841214s1984 ag b 001 0 spa
020 _a9504300960
040 _aDO-SdBNP
_cDLC
_dDLC
082 _aC864.44
_bC657u
100 1 _aCobo Borda, J. G.,
_d1948-
_919184
245 1 0 _aUsos de la imaginación /
_cCobo Borda, De Ruschi, Herrera.
260 _aArgentina :
_bEl Imaginero,
_c1984.
300 _a164 p. ;
_c20 cm.
490 1 _aEl Imaginero
490 1 _aCuadernos de poesía y Crítica.
504 _aBibliografía: p. 161-163.
505 0 _aVueltas en redondo en Torno a G. García Márquez; Argentina Poesía / JG Cobo Borda - El ropaje y la musica: un ensayo sobre Jaime Sáenz / Maria Julia de Ruschi Crespo - La poesía de los limites y los limites de la poesía, lo negro, lo esteril, lo fragmentado: un ensayo sobre Alejandra Pizarnik; El culpable: un ensayo sobre César Vallejo, Muerte sin fin: un ensayo sobre José Gorostiza - El Petrificado y la nieve: un ensayo sobre Xavier Villaurrutia; En el gran patio del desasimiento: un ensayo sobre Ricardo E. Molinari; Hacia la utopía sangrante: un ensayo sobre Francisco Madariaga / Ricardo H. Herrera.
650 4 _aEnsayos colombianos
_914811
650 4 _aLiteratura colombiana
_91244
700 1 _aRuschi Crespo, María Julia de.
_921187
700 1 _aHerrera, Ricardo H.
_921188
830 0 _aImaginero ;
_pcuadernos de poesía y Crítica.
_921189
910 _aCatalogación por copia / LC
049 _aBNGR
999 _c7417
_d7417